000
00320nam a2200133Ia 4500
008
191201s2009 xx 000 0 und d
100
_a
SILBERSCHATZ, Abraham
245
0
_a
Operating Systems Concepts
250
_a
8th ,Rep
260
_c
2009
_b
Wiley India
_a
N. delhi
300
_a
972
650
_a
CSE
942
_2
ddc
_c
BB
999
_c
7335
_d
7335